000 00862nam a2200205Ia 4500
005 20240530110938.0
008 140319s2021 ua dhf f 000 0 ara d
017 _a2021/5264
_bمصر. دار الكتب
020 _a9789776809338
040 _aGCL /
_cGCL
082 0 4 _221
_a962.26
_bق/أ م
100 0 _aاحمد محمد عبدالعال
245 1 2 _aالمواقع الاثرية والتراث فى الواحات المصرية /
_cاعداد احمد محمد عبدالعال ؛ مراجعة جلال احمد ابوبكر
260 _aالقاهرة :
_bالمؤسسة الدولية للكناب،
_c2021.
300 _a265 ص. :
_bايض ؛
_c24 سم.
650 0 7 _aالواحات المصرية
_xاثار
700 0 _aجلال احمد ابوبكر
_eمراجع
942 _2ddc
_cBK
999 _c66776
_d66776